LEADER 01763nam a2200325 u 4500 001 000000111177 003 CaOOAMICUS 005 20080415101318.0 008 080415s2008 it u000 u ita u 020 $z978-88-7231-103-5* 040 $aPUL(R)$bita$dBc 100 1 $aPani, Giancarlo.$0(OLS)http://pul/name/9216 245 13$aIl caso Galileo :$bil metodo scientifico e la Bibbia : Ratzinger-Galileo alla Sapienza /$cGiancarlo Pani ; a cura di Vincenzo D'Adamo. 246 30$aRatzinger-Galileo alla Sapienza. 260 $aPalermo :$bSigma,$c2008. 300 $a77 p. ;$c21 cm. 500 $aContiene l'intervento "Chi è più ragionevole?", trascrizione della registrazione della conferenza tenuta dal cardinal Ratzinger il 15 febbraio 1990 nella Cappella dell'Università "La Sapienza" di Roma. 504 $aInclude riferimenti bibliografici. 600 14$aGalilei, Galileo,$d1564-1642$xCritica e interpretazione.$0(OLS)http://pul/subject/10033 650 4$aReligione e scienza.$0(OLS)http://pul/subject/147 700 1 $aD'Adamo, Vincenzo.$0(OLS)http://pul/name/68243 740 02$aChi è più ragionevole? / Joseph Ratzinger. 850 $aPUL 852 $aPUL$W1$xSL Religione 3$y85$m215 PANGI 1$j127459$qDDC 21 $B126156$CPULBib$Z2$F126156 $H106971 $82 941 1 $a9 996 $6020$z978-88-7231-103-5*$9(OLS)http://pul/number/137714 996 $6245$aIl caso Galileo :$bil metodo scientifico e la Bibbia : Ratzinger-Galileo alla Sapienza$9(OLS)http://pul/title/139783 996 $6246$aRatzinger-Galileo alla Sapienza.$9(OLS)http://pul/title/139785 996 $6740$aChi è più ragionevole? / Joseph Ratzinger.$9(OLS)http://pul/title/139786 996 $6260$aPalermo :$bSigma$9(OLS)http://pul/publisher/79861 LEADER 01480nam a2200337 a 4500 001 000000124391 003 CaOOAMICUS 005 20110217163705.0 008 110217s2010 it u000 u ita r 020 $a978-88-16-40978-1 040 $aPUL$bita 082 04$a291.4 100 1 $aPanikkar, Raimundo,$cS.I.,$d1918-2010.$0(OLS)http://pul/name/15891 245 13$aLa religione, il mondo e il corpo /$cRaimon Panikkar ; a cura di Milena Carrara Pavan. 260 $aMilano :$bJaca Book,$c2010. 300 $ax, 107 p. ;$c23 cm 490 1 $aDi fronte e attraverso.$aReligioni ;$v978 504 $aBibliografia in nota. 650 4$aCorpo umano$xAspetti religiosi$xCristianesimo.$0(OLS)http://pul/subject/20690 650 4$aReligione$xStudi.$0(OLS)http://pul/subject/395 650 4$aMedicina$xAspetti religiosi.$0(OLS)http://pul/subject/6741 700 1 $aCarrara Pavan, Milena.$0(OLS)http://pul/name/49467 830 0$aDi fronte e attraverso.$pReligioni ;$v978.$0(OLS)http://pul/title/7479 850 $aPUL 852 $aPUL$W1$xSL Religione 3$y85$m291. 4 PANRA 1$j143190$qDDC 21$B142224$CPULBib$Z2$F142224 $H115802 $82 941 1 $a9 996 $6020$a978-88-16-40978-1$9(OLS)http://pul/number/146405 996 $6082$a291.4$9(OLS)http://pul/classification/1857 996 $6245$aLa religione, il mondo e il corpo$9(OLS)http://pul/title/156799 996 $6260$aMilano :$bJaca Book$9(OLS)http://pul/publisher/47900